| 000 | 01983nam0a2200349 4500 | ||
|---|---|---|---|
| 001 | RU\NLR\bibl\64816 | ||
| 005 | 20250616092847.0 | ||
| 021 |
_aRU _b98-43372 _92081 |
||
| 035 | _a(NLR Aleph) 000063221 | ||
| 090 |
_a345445 _c345445 |
||
| 100 | _a19991221d1998 |||y0rusy50 ca | ||
| 101 | 0 | _arus | |
| 102 | _aRU | ||
| 105 | _aac j ||||| | ||
| 200 | 1 |
_aМировая экономика _eУчеб. пособие для студентов вузов, обучающихся по экон. специальностям _fВ.С. Игошкин _gМ-во общ. и проф. образования Рос. Федерации, Каз. фин.-экон. ин-т |
|
| 210 |
_aКазань _cИзд-во КФЭИ _d1998 |
||
| 215 |
_a162,[1] с. _cил., портр. _d20 |
||
| 300 | _aНа 4-й с. обл. авт.: Игошкин В.С., к.э.н., доц., чл.-кор. Акад. гуманит. наук Рос. Федерации | ||
| 320 | _aБиблиогр.: с.159-160 | ||
| 606 | 0 |
_aМировое хозяйство _jРуководства, пособия и т.п. для высшей школы _91186934 _3RU\NLR\auth\66160660 |
|
| 606 | 0 |
_aМировое хозяйство _jУчебные издания для высшей школы _91186934 _3RU\NLR\auth\66160660 |
|
| 606 | 0 |
_aМеждународные экономические отношения _jРуководства, пособия и т.п. для высшей школы _92253134 _3RU\NLR\auth\661351357 |
|
| 606 | 0 |
_aМеждународные экономические отношения _jУчебные издания для высшей школы _92253134 _3RU\NLR\auth\661351357 |
|
| 686 | _aУ03(0)я73 | ||
| 686 | _aУ58я73 | ||
| 700 | 1 |
_aИгошкин _bВ. С. _gВиктор Семенович _4070 |
|
| 801 | 0 |
_aRU _bNLR _c19991221 _gPSBO |
|
| 801 | 1 |
_aRU _bNLR _c19991221 |
|
| 852 |
_aNLR _j99-3/16429 |
||
| 942 | _cBOOK | ||
| 980 | _aNB | ||